00888nam a2200241Ia 4500001000600000003000900006008004100015040001300056040001300069041001300082100002500095100002900120245004000149245004700189250001100236260001000247260000900257260004900266300005800315500020700373650003500580650003100615 3058IT-RoPAU130308s9999 xx 000 0 und d aIT-RoPAU cIT-RoPAU aFRANCESE aGillet Daubin Myriam gCodice Aut. SPICS: 10592 aCommunications de masse en Colombie bCommunications de masse En Amerique Latine a1a ed. aPARIS bCNRS c1979 [1° Ed.:1979 - Ed.Ling.Originale:1979] a"24 p. (prefazione: no ; testo: 24 [pagine: 83-106])" aComunicazioni di Massa in Colombia Strumenti di liberazione o mezzi di Schiavitu'? Struttura di Potere Dello Strumento di Comunicazione Ideologia dei Messaggi Superiorità Dello Spettacolo Divertimento aSAGGI DI COMUNICAZIONE SOCIALE eCodice materia Spics: 3807